Aprendizaje complejo: cómo aprenden los animales
Uloženo v:
| Hlavní autor: | |
|---|---|
| Médium: | Kniha |
| Jazyk: | španělština |
| Vydáno: |
Ciudad de México
Trillas
1973
|
| Edice: | Temas de Psicología, 6
|
| Témata: | |
| Tagy: |
Přidat tag
Žádné tagy, Buďte první, kdo vytvoří štítek k tomuto záznamu!
|
MARC
| LEADER | 00000nam a2200000 a 4500 | ||
|---|---|---|---|
| 001 | UCT1612 | ||
| 003 | CL-VaPUC | ||
| 008 | 960927e19730000MX |||||||||||||||||spa|d | ||
| 082 | 0 | 4 | |a 591.51 |b COH |2 21 |
| 100 | 0 | |a Cohen, Jozef |e author |9 370568 | |
| 245 | 1 | 0 | |a Aprendizaje complejo: cómo aprenden los animales |
| 300 | |a 73 p | ||
| 942 | |c BK | ||
| 945 | |d 19960927 00:00:00 |a paguirre | ||
| 260 | |a Ciudad de México |b Trillas |c 1973 | ||
| 650 | 7 | |a COMPORTAMIENTO ANIMAL |2 CL-VaPUC |9 334602 | |
| 650 | 0 | |a Psicología aplicada |9 270762 | |
| 650 | 0 | |a Animales |9 269820 | |
| 650 | 7 | |a ECOLOGIA ANIMAL |2 CL-VaPUC |9 370569 | |
| 583 | |a last modification |c 20130102 08:33:46 |k Rodrigo Vera | ||
| 490 | 0 | |a Temas de Psicología, 6 | |
| 999 | |c 252086 |d 252084 | ||
| 952 | |0 0 |1 0 |4 0 |6 591_510000000000000_COH_1973 |7 0 |8 A |9 271700 |a BIBCUR |b BIBCUR |d 2019-11-19 |i 1753827 |l 1 |m 1 |o 591.51 COH 1973 |p 1753827 |r 2025-04-22 |s 2022-08-17 |w 2019-11-19 |y BK |k BCB | ||